00394nam a2200157Ia 4500003000400000005001700004008004100021040000700062082001900069100002000088245002900108260003800137365001400175650003100189650001600220OSt20230608161721.0210423s2005 xx 000 0 und d cAL a361.3 DAVS223 aDAVIES (Martin) aCompanion to social work aUSAbBlackwell Publicationsc2005 b1495cINR aSocial Problems & Services aSocial Work